[Event "Badalona op-B 40th"]
[Site "Badalona"]
[Date "2014.08.02"]
[Round "1"]
[White "Atienza Roy, Jesus"]
[Black "Olive Alier, Tomas"]
[Result "1/2-1/2"]
[WhiteElo "2066"]
[BlackElo "1885"]
[PlyCount "90"]
[EventDate "2014.08.02"]
[EventType "swiss"]
[EventRounds "9"]
[EventCountry "ESP"]
[SourceTitle "EXT 2015"]
[Source "ChessBase"]
[SourceDate "2014.11.20"]
[SourceVersion "1"]
[SourceVersionDate "2014.11.20"]
[SourceQuality "1"]

1. e4 c5 2. Nf3 e6 3. d4 cxd4 4. Nxd4 a6 5. c4 Qc7 6. Be2 Nf6 7. Qd3 Qe5 8. Nd2 Bb4 9. f3 0-0 10. 0-0 Bc5 11. N2b3 Ba7 12. Bd2 Nc6 13. Bc3 Qc7 14. f4 e5 15. fxe5 Nxe5 16. Qg3 Nxe4 17. Qf4 Nxc3 18. bxc3 d6 19. Kh1 Nxc4 20. Rf3 Ne5 21. Rg3 Ng6 22. Qg5 Re8 23. Rf1 Re5 24. Qd2 Bd7 25. Nf3 Be3 26. Qb2 Re7 27. Nfd4 Rae8 28. c4 Bh6 29. Bd3 Re1 30. Nd2 Rxf1+ 31. Bxf1 Re1 32. N4f3 Re3 33. h4 Bf4 34. Qd4 Bxg3 35. Qxe3 Bf4 36. Qb3 Bg4 37. Ne4 Qe7 38. Neg5 h6 39. Nh3 Bxh3 40. gxh3 Qe3 41. Qxb7 Ne5 42. Nxe5 Bxe5 43. Qc8+ Kh7 44. Qf5+ Kg8 45. Qc8+ Kh7 1/2-1/2

[Event "Barcelona Sant Marti op 05th"]
[Site "Barcelona"]
[Date "2003.06.07"]
[Round "7.4"]
[White "Garreta Martinez, Albert"]
[Black "Atienza Roy, Jesus"]
[Result "1/2-1/2"]
[WhiteElo "2090"]
[BlackElo "2010"]
[PlyCount "37"]
[EventDate "2003.04.26"]
[EventType "swiss"]
[EventRounds "9"]
[EventCountry "ESP"]
[SourceTitle "EXT 2004"]
[Source "ChessBase"]
[SourceDate "2003.11.25"]
[SourceVersion "1"]
[SourceVersionDate "2003.11.25"]
[SourceQuality "1"]

1. c4 e5 2. b3 f5 3. Bb2 d6 4. g3 Nf6 5. Bg2 Be7 6. e3 c6 7. Ne2 e4 8. d4 d5 9. 0-0 Na6 10. a3 Be6 11. Nd2 Nc7 12. f3 exf3 13. Nxf3 Ng4 14. Nf4 Bf7 15. Qd3 g6 16. Ne5 Nxe5 17. dxe5 0-0 18. e6 Nxe6 19. Rad1 1/2-1/2

[Event "Barcelona Sant Marti op 05th"]
[Site "Barcelona"]
[Date "2003.05.24"]
[Round "5.7"]
[White "Atienza Roy, Jesus"]
[Black "Leiva Velasco, Antonio"]
[Result "1-0"]
[WhiteElo "2010"]
[BlackElo "2065"]
[PlyCount "99"]
[EventDate "2003.04.26"]
[EventType "swiss"]
[EventRounds "9"]
[EventCountry "ESP"]
[SourceTitle "EXT 2004"]
[Source "ChessBase"]
[SourceDate "2003.11.25"]
[SourceVersion "1"]
[SourceVersionDate "2003.11.25"]
[SourceQuality "1"]

1. e4 c5 2. Nf3 d6 3. d4 cxd4 4. Nxd4 Nf6 5. Nc3 g6 6. Be3 Bg7 7. f3 Nc6 8. Qd2 0-0 9. Bc4 Bd7 10. 0-0-0 Rc8 11. Bb3 Ne5 12. Nde2 Nc4 13. Bxc4 Rxc4 14. e5 dxe5 15. Bg5 Rc7 16. Bxf6 exf6 17. Nb5 Bxb5 18. Qxd8 Rxd8 19. Rxd8+ Bf8 20. Nc3 Bc4 21. Nd5 Bxd5 22. Rxd5 Bh6+ 23. Kb1 b6 24. Rhd1 Kg7 25. Rd7 Rxd7 26. Rxd7 a5 27. Rd5 Bf4 28. h3 f5 29. c3 e4 30. Kc2 Kf6 31. Kd1 Be3 32. Ke2 Bc5 33. a3 h5 34. b4 axb4 35. cxb4 Ke6 36. Rd8 Ke7 37. bxc5 Kxd8 38. cxb6 f6 39. Ke3 exf3 40. Kxf3 g5 41. h4 Kd7 42. a4 Kc6 43. a5 Kb7 44. Ke3 Kc6 45. Kd4 Kb7 46. Kd5 f4 47. Ke4 Kc6 48. Kf5 f3 49. gxf3 gxh4 50. Kf4 1-0